Loading...
| Fine Arts - Classical Music | 2 | 5.00 | 50% | 0% | 0% |
| Fine Arts - Visual Fine Arts | 2 | 5.00 | 0% | 50% | 0% |
| Geography/Current Events | 4 | 17.50 | 100% | 50% | 25% |
| History - American History | 5 | 14.00 | 100% | 40% | 0% |
| History - European History | 1 | 10.00 | 100% | 0% | 0% |
| History - Other History | 1 | 0.00 | 0% | 0% | 0% |
| History - World History | 7 | 8.57 | 57% | 29% | 0% |
| Literature - American Literature | 4 | 7.50 | 75% | 0% | 0% |
| Literature - British Literature | 4 | 2.50 | 25% | 0% | 0% |
| Literature - European Literature | 2 | 10.00 | 100% | 0% | 0% |
| Literature - World/Other Literature | 2 | 5.00 | 50% | 0% | 0% |
| Mythology | 1 | 20.00 | 100% | 100% | 0% |
| Philosophy | 4 | 2.50 | 25% | 0% | 0% |
| Pop Culture | 1 | 10.00 | 100% | 0% | 0% |
| Religion | 2 | 10.00 | 50% | 50% | 0% |
| Science - Biology | 3 | 10.00 | 100% | 0% | 0% |
| Science - Chemistry | 3 | 0.00 | 0% | 0% | 0% |
| Science - Other Science | 3 | 10.00 | 67% | 33% | 0% |
| Science - Physics | 2 | 5.00 | 50% | 0% | 0% |
| Social Science | 3 | 13.33 | 67% | 33% | 33% |